000 00745nam a2200265Ia 4500
005 20260302114017.0
008 008 260114s9999 xx 000 0 eng d
020 _a9781978729711
037 _aTextbook
040 _aCRL
040 _beng
040 _cCRL
041 _2eng
041 _aeng
084 _qCRL
100 _aBernd Kaussler, Lars J. Kristiansen, Jeffrey Delbert
_91117489
245 0 _aRhetoric and Governance under Trump Proclamations from the Bullshit Pulpit
260 _bBloomsbury
260 _bLexington Books
260 _c2020
650 _aLinguistics
856 _uhttps://doi.org/10.5040/9781978729711?locatt=label:secondary_bloomsburyCollections
942 _cEBOOK
999 _c1681019
_d1681019